书目信息 |
| 题名: |
声学基础
|
|
| 作者: | 杜功焕 编著 | |
| 分册: | 下册 | |
| 出版信息: | 上海 上海科学技术出版社 1981 |
|
| 页数: | 288页 | |
| 开本: | 19cm | |
| 丛书名: | ||
| 单 册: | ||
| 中图分类: | O42 | |
| 科图分类: | ||
| 主题词: | 声学 | |
| 电子资源: | ||
| ISBN: | ||
| 000 | 00560nam0 2200217 45 | |
| 001 | 0181004732 | |
| 005 | 20060815163935.03 | |
| 010 | @dCNY0.87 | |
| 100 | @a19950527d1981 em y0chiy0121 ea | |
| 101 | 0 | @achi |
| 102 | @aCN@b310000 | |
| 105 | @ay z 000yy | |
| 200 | 10 | @a声学基础@Asheng xue ji chu@h下册@f杜功焕等编著 |
| 210 | @a上海@c上海科学技术出版社@d1981 | |
| 215 | @a288页@d19cm | |
| 606 | @a声学 | |
| 690 | @aO42@v3 | |
| 701 | 0 | @a杜功焕@Adu gong huan@4编著 |
| 801 | 0 | @aCN@bTSSF@c20060815 |
| 801 | 2 | @aCN@bNLC@c20060731 |
| 905 | @a10447@dO42@e18:2 | |
| 声学基础.下册/杜功焕等编著.-上海:上海科学技术出版社,1981 |
| 288页;19cm |
| ISBN :CNY0.87 |
| ● |
| 相关链接 |
|
|
|
|
正题名:声学基础
索取号:O42/18:2
 
预约/预借
| 序号 | 登录号 | 条形码 | 馆藏地/架位号 | 状态 | 备注 |
| 1 | 0434195 | 204341952 | 密集书库/ [索取号:O42/18:2] | 在馆 | |
| 2 | 0460389 | 204603893 | 密集书库/ [索取号:O42/18:2] | 在馆 |